Spiritualita stvoření : čtyři cesty k budoucnosti / Anselm Grün, Alois Seuferling ; [z německého originálu ... přeložil Josef Hermach]
Record details
- ISBN: 80-7192-474-1
- Physical Description: 78 s. ; 18 cm
- Publisher: Kostelní Vydří : Karmelitánské nakladatelství, 2000
Search for related items by subject
| Genre: | pojednání prameny essays sources |
Search for related items by series
Available copies
- 1 of 1 copy available at Common Catalog SPOK.
Holds
- 0 current holds with 1 total copy.
Show All Copies
| Location | Call Number / Copy Notes | Barcode | Shelving Location | Status | Due Date |
|---|---|---|---|---|---|
| Jabok Library | PT-8.1 | 424480004918 | Odborná literatura | Available | - |
| LDR | 02118nam a2200589 a 4500 | ||
|---|---|---|---|
| 001 | 12241 | ||
| 003 | CZ-PrJAB | ||
| 005 | 20190722085816.0 | ||
| 007 | tu | ||
| 008 | 010716s2000 xr e 000 0 cze | ||
| 015 | . | ‡acnb001004071 | |
| 020 | . | ‡a80-7192-474-1 ‡q(brož.) : ‡cKč 75,00 | |
| 035 | . | ‡a(CZ PrNK)cpk20011004071 | |
| 035 | . | ‡a(OCoLC)48709059 | |
| 040 | . | ‡aABA001 ‡bcze | |
| 041 | 1 | . | ‡acze ‡hger |
| 045 | . | ‡aj-j- | |
| 072 | 7. | ‡a27-1/-2 ‡xKřesťanská teologie. Dogmatická teologie ‡2Konspekt ‡95 | |
| 080 | . | ‡a27-181.5 ‡2MRF | |
| 080 | . | ‡a27-172.2 ‡2MRF | |
| 080 | . | ‡a27-584 ‡2MRF | |
| 080 | . | ‡a27-789.2-1/-9 ‡2MRF | |
| 080 | . | ‡a27-1 ‡2MRF | |
| 080 | . | ‡a(049) ‡2MRF | |
| 080 | . | ‡a(093.2) ‡2MRF | |
| 100 | 1 | . | ‡aGrün, Anselm, ‡d1945- ‡7jn19990002960 ‡4aut |
| 245 | 1 | 0. | ‡aSpiritualita stvoření : ‡bčtyři cesty k budoucnosti / ‡cAnselm Grün, Alois Seuferling ; [z německého originálu ... přeložil Josef Hermach] |
| 260 | . | ‡aKostelní Vydří : ‡bKarmelitánské nakladatelství, ‡c2000 | |
| 300 | . | ‡a78 s. ; ‡c18 cm | |
| 490 | 1 | . | ‡aDuchovní život |
| 600 | 0 | 7. | ‡aBenedikt z Nursie, ‡csvatý, ‡dasi 480-asi 543. ‡tRegula ‡7aun2006372226 ‡2czenas |
| 600 | 0 | 9. | ‡aBenedict, ‡cSaint, Abbot of Monte Cassino ‡2eczenas |
| 648 | 7. | ‡a6. století ‡7ch460544 ‡2czenas | |
| 648 | 4. | ‡a480-543 | |
| 650 | 0 | 7. | ‡astvoření člověka ‡7ph126172 ‡2czenas |
| 650 | 0 | 7. | ‡astvoření světa ‡7ph126171 ‡2czenas |
| 650 | 0 | 7. | ‡aduchovní život ‡7ph114375 ‡2czenas |
| 650 | 0 | 7. | ‡abenediktinská spiritualita ‡7ph166049 ‡2czenas |
| 650 | 0 | 7. | ‡akřesťanská teologie ‡7ph115064 ‡y6. století ‡2czenas |
| 650 | 0 | 9. | ‡acreation ‡2eczenas |
| 650 | 0 | 9. | ‡aspiritual life ‡2eczenas |
| 650 | 0 | 9. | ‡aBenedictine spirituality ‡2eczenas |
| 650 | 0 | 9. | ‡aChristian theology ‡y6th century ‡2eczenas |
| 655 | 7. | ‡apojednání ‡7fd133056 ‡2czenas | |
| 655 | 7. | ‡aprameny ‡7fd131865 ‡2czenas | |
| 655 | 9. | ‡aessays ‡2eczenas | |
| 655 | 9. | ‡asources ‡2eczenas | |
| 700 | 1 | . | ‡aSeuferling, Alois, ‡d1931- ‡7xx0032833 ‡4aut |
| 765 | 0 | . | ‡tBenediktinische Schöpfungs-Spiritualität ‡9Česky |
| 830 | 0. | ‡aDuchovní život | |
| 910 | . | ‡aABG312 | |
| 995 | . | ‡aska | |
| 901 | . | ‡a12241 ‡bUnknown ‡c12241 ‡tbiblio | |